Basic linear programming (Record no. 5541)

000 -LEADER
fixed length control field 00559nam a2200217 a 4500
001 - CONTROL NUMBER
control field 5541
003 - CONTROL NUMBER IDENTIFIER
control field BD-DhUET
008 - FIXED-LENGTH DATA ELEMENTS--GENERAL INFORMATION
fixed length control field 840628s1984 enka b 001 0 eng
020 ## - INTERNATIONAL STANDARD BOOK NUMBER
International Standard Book Number 0713135093
040 ## - CATALOGING SOURCE
Original cataloging agency DLC
Transcribing agency DLC
Modifying agency BD-DhUET
082 ## - DEWEY DECIMAL CLASSIFICATION NUMBER
Classification number 519.72
Item number BUN/1984
100 1# - MAIN ENTRY--PERSONAL NAME
Personal name Bunday, Brian D.
245 10 - TITLE STATEMENT
Title Basic linear programming
Statement of responsibility, etc. by Brian D. Bunday
250 ## - EDITION STATEMENT
Edition statement 1st.
260 ## - PUBLICATION, DISTRIBUTION, ETC. (IMPRINT)
Place of publication, distribution, etc. London
Name of publisher, distributor, etc. E. Arnold
Date of publication, distribution, etc. 1984
300 ## - PHYSICAL DESCRIPTION
Extent vi, 163 p.
Other physical details ill.
Dimensions 25 cm.
500 ## - GENERAL NOTE
General note Include
504 ## - BIBLIOGRAPHY, ETC. NOTE
Bibliography, etc Includes bibliographies
650 #0 - SUBJECT ADDED ENTRY--TOPICAL TERM
Topical term or geographic name as entry element Linear Programming
942 ## - ADDED ENTRY ELEMENTS (KOHA)
Koha item type General Book
Holdings
Sublocation or collection (holding branch) Withdrawn status Damaged status Shelving location Koha full call number Koha item type Not for loan Lost status Location (home branch) Koha normalized classification for sorting Piece designation (barcode) Date acquired Koha date last seen Source of classification or shelving scheme Price effective from Copy number
Central Library, BUET  Circulation section001.6424/BUN/1984General Book  Central Library, BUET001_000000000000000_6424BUN198689132014-11-272014-11-27 2014-11-271
Central Library, BUET  Circulation section519.72/BUN/1984General Book  Central Library, BUET519_720000000000000_BUN_1984833512015-01-312015-01-31 2015-01-312